[Event "AUTO-MASTER-3223"]
[Site "http://www.queenalice.com/game.php?id=1840174"]
[Date "2024.7.14"]
[Round "1"]
[White "Scharlatan"]
[Black "o3bor52"]
[Result "1-0"]
[WhiteElo "2063"]
[BlackElo "1965"]

1. Nf3 d6 2. d4 Bg4 3. e4 c6 4. h3 Bxf3 5. Qxf3 Nf6 6. Nc3 e6 7. Be3 Be7 8. g4
h6 9. O-O-O Nbd7 10. Qg3 Qc7 11. f4 O-O-O 12. Kb1 Ne8 13. d5 c5 14. Bg2 a6 15.
Bd2 b6 16. Qd3 e5 17. Qxa6+ Qb7 18. Qa4 Nb8 19. Nb5 Rd7 20. Rhf1 f6 21. Rf3 Nc7
22. Bf1 Nxb5 23. Bxb5 Rc7 24. Ra3 exf4 25. Bxf4 Kd8 26. Qa8 Kc8 27. Ba6 1-0

[Event "AUTO-MASTER-3223"]
[Site "http://www.queenalice.com/game.php?id=1840175"]
[Date "2024.7.14"]
[Round "1"]
[White "o3bor52"]
[Black "Scharlatan"]
[Result "0-1"]
[WhiteElo "1916"]
[BlackElo "2035"]

1. g3 h5 2. Nf3 h4 3. Nxh4 e5 4. Nf3 e4 5. Ng1 d5 6. e3 Nf6 7. h3 Bd6 8. Ne2
Nbd7 9. Bg2 Ne5 10. d4 exd3 11. cxd3 Bf5 12. Nf4 c6 13. d4 Ng6 14. Nd2 Qe7 15.
O-O Nxf4 16. exf4 O-O-O 17. Re1 Qd7 18. a3 Bxh3 19. Qf3 Bg4 20. Qd3 Bf5 21. Qf1
Rh7 22. f3 Rdh8 23. Qf2 Bh3 24. Nf1 Qf5 25. g4 Qd7 26. Bxh3 Rxh3 27. Ng3 g5 28.
Qg2 Ne8 29. Nh5 Rh4 30. Qg3 f5 31. Kg2 fxg4 32. Rxe8+ Rxe8 33. Nf6 Re2+ 34. Kf1
Qe6 35. Be3 Rxe3 36. Nxd5 Rxf3+ 37. Qxf3 gxf3 0-1

[Event "AUTO-MASTER-3223"]
[Site "http://www.queenalice.com/game.php?id=1840190"]
[Date "2024.7.14"]
[Round "1"]
[White "o3bor52"]
[Black "andrevillares"]
[Result "0-1"]
[WhiteElo "1905"]
[BlackElo "1946"]

1. d4 Nf6 2. h3 c5 3. c3 cxd4 4. cxd4 g6 5. Nc3 Bg7 6. e4 d6 7. Bd3 O-O 8. Nf3
Nc6 9. a3 b6 10. O-O Bb7 11. Be3 e6 12. b4 Rc8 13. Qb3 Qe7 14. g4 Rfd8 15. Bg5
h6 16. Bh4 e5 17. d5 Nd4 18. Nxd4 exd4 19. Nb5 a6 20. Na7 Rc3 21. Qd1 Qe5 22. f4
Qe7 23. Be1 Nxe4 24. Bxc3 Nxc3 25. Qe1 Qd7 26. Nc6 Nxd5 27. Nxd8 Qxd8 28. Qd2
Ne3 29. Rf2 Qh4 30. Bf1 Qg3+ 31. Bg2 d3 32. Ra2 Nxg2 33. Rxg2 Bd4+ 34. Kh1 Qxh3#
0-1

[Event "AUTO-MASTER-3223"]
[Site "http://www.queenalice.com/game.php?id=1840191"]
[Date "2024.7.14"]
[Round "1"]
[White "andrevillares"]
[Black "o3bor52"]
[Result "1-0"]
[WhiteElo "1953"]
[BlackElo "1982"]

1. d4 b6 2. e4 g6 3. Nc3 e6 4. Nf3 d6 5. Bc4 Bb7 6. O-O a6 7. Re1 Bg7 8. h3 h6
9. Bf4 Nd7 10. Qd2 Qe7 11. Rad1 O-O-O 12. Qd3 Ngf6 13. Bxa6 Nb8 14. Bxb7+ Kxb7
15. a4 e5 16. Be3 Nfd7 17. Qc4 f6 18. Nd5 Nc6 19. Nxe7 Nxe7 20. dxe5 Nxe5 21.
Nxe5 fxe5 22. a5 Nc8 23. a6+ Ka7 24. Qc6 1-0

[Event "AUTO-MASTER-3223"]
[Site "http://www.queenalice.com/game.php?id=1840192"]
[Date "2024.7.14"]
[Round "1"]
[White "o3bor52"]
[Black "suenteus_po_147"]
[Result "0-1"]
[WhiteElo "1938"]
[BlackElo "1982"]

1. e4 e5 2. Nf3 Nc6 3. Bb5 a6 4. Ba4 b5 5. Bb3 Na5 6. Bxf7+ Kxf7 7. Nxe5+ Ke7 8.
d4 Nf6 9. Bg5 Qe8 10. Nd2 d6 11. Bxf6+ gxf6 12. Nef3 Qg6 13. O-O Bb7 14. d5 Re8
15. c3 Kd8 16. Qc2 Bh6 17. Rfe1 Bxd5 18. Nh4 Qh5 19. exd5 Qxh4 20. Nf3 Qh5 21.
Rad1 Nc4 22. Re6 Bg7 23. b3 Ne5 24. Nxe5 fxe5 25. Rd3 Rxe6 26. dxe6 Re8 27. Rh3
Qg6 28. Qe2 Rxe6 29. g3 e4 30. Qe3 c5 31. b4 Qf5 32. Rh4 h5 33. Rf4 Qe5 34. Rf7
Qxc3 35. Qg5+ Bf6 36. Rf8+ Kc7 37. Rf7+ Kc6 38. Qxh5 e3 39. Qf3+ d5 40. fxe3
Qe1+ 41. Kg2 Bc3 42. bxc5 Rxe3 43. Qf5 Qe2+ 44. Kh3 Re6 45. Qh7 Kxc5 46. a3 a5
47. Rf4 d4 48. Qc7+ Kd5 49. Qb7+ Kc4 50. Rh4 Kb3 51. Qh1 d3 52. Qb1+ Bb2 0-1

[Event "AUTO-MASTER-3223"]
[Site "http://www.queenalice.com/game.php?id=1840193"]
[Date "2024.7.14"]
[Round "1"]
[White "suenteus_po_147"]
[Black "o3bor52"]
[Result "1-0"]
[WhiteElo "1967"]
[BlackElo "1953"]

1. e4 d5 2. exd5 Nf6 3. Nc3 Nxd5 4. Bc4 e6 5. Qf3 Nb4 6. Bb3 N8c6 7. Nge2 Be7 8.
a3 Na6 9. O-O O-O 10. d3 Ne5 11. Qg3 Bd6 12. Bf4 Ng6 13. Bxd6 cxd6 14. Rae1 Nc5
15. Ba2 a6 16. Kh1 b5 17. b4 Nb7 18. f4 Ne7 19. Nd4 Nf5 20. Nxf5 exf5 21. Nd5
Be6 22. c4 Bxd5 23. cxd5 Rc8 24. Re2 Rc3 25. Qe1 Rc7 26. Rf3 g6 27. Rfe3 Qf6 28.
Re7 Rfc8 29. Rxc7 Rxc7 30. g3 Qc3 31. Re8+ Kg7 32. Qxc3+ Rxc3 33. Rb8 Rxa3 34.
Bc4 bxc4 35. dxc4 Na5 36. bxa5 Rxa5 37. Rb6 Ra4 38. Rxd6 Rxc4 39. Rxa6 Rc7 40.
Ra1 Rd7 41. Rd1 Rd6 42. Kg2 h5 43. h3 Kf6 44. Kf3 g5 45. fxg5+ Kxg5 46. h4+ Kg6
47. Kf4 f6 48. Rd3 Rd8 49. d6 Rd7 50. Rd1 1-0

[Event "AUTO-MASTER-3224"]
[Site "http://www.queenalice.com/game.php?id=1840653"]
[Date "2024.7.22"]
[Round "1"]
[White "Canaye14"]
[Black "o3bor52"]
[Result "0-1"]
[WhiteElo "1954"]
[BlackElo "1973"]

1. d4 g6 2. Nf3 Bg7 3. Bf4 d6 4. e3 a6 5. c4 b6 6. Bd3 Bb7 7. O-O e6 8. Nc3 Nd7
9. Re1 Ne7 10. e4 h6 11. d5 e5 12. Be3 O-O 13. b4 Kh7 14. Nd2 Rc8 15. Rb1 Rb8
16. a4 f5 17. f4 exf4 18. Bxf4 Bxc3 19. Be3 Ne5 20. Be2 fxe4 21. Nxe4 Bxe1 22.
Qxe1 Nf5 23. Bd2 Nd4 24. Bf1 Ndf3+ 25. gxf3 Nxf3+ 26. Kh1 Nxe1 27. Rxe1 Qh4 28.
Bg2 Rbe8 29. Re3 Rxe4 30. Rh3 Re1+ 0-1

[Event "AUTO-MASTER-3224"]
[Site "http://www.queenalice.com/game.php?id=1840654"]
[Date "2024.7.22"]
[Round "1"]
[White "o3bor52"]
[Black "Canaye14"]
[Result "0-1"]
[WhiteElo "1988"]
[BlackElo "1939"]

1. e4 e6 2. d4 d5 3. e5 c5 4. Qg4 Nc6 5. Nf3 cxd4 6. Bd3 Qc7 7. Qg3 Bb4+ 8. Bd2
Bxd2+ 9. Nbxd2 Nge7 10. O-O O-O 11. Rfe1 Nf5 12. Qf4 Qb6 13. Nb3 Bd7 14. h4 Nce7
15. g4 Nh6 16. Kg2 Qd8 17. Rg1 f5 18. g5 Ng4 19. h5 g6 20. Rh1 Rc8 21. Nc5 Rxc5
22. Qxd4 b6 23. b4 Rc7 24. h6 Nc6 25. Qb2 Be8 26. Rhe1 d4 27. Bb5 Qd5 28. Bxc6
Rxc6 29. Qxd4 Rxc2 30. Qxd5 exd5 31. Nd4 Rxf2+ 32. Kg1 f4 33. a4 f3 34. Nxf3
R8xf3 35. Kh1 Rg3 0-1

[Event "AUTO-MASTER-3224"]
[Site "http://www.queenalice.com/game.php?id=1840669"]
[Date "2024.7.22"]
[Round "1"]
[White "quithero"]
[Black "o3bor52"]
[Result "1-0"]
[WhiteElo "2123"]
[BlackElo "1924"]

1. d4 g6 2. e4 Bg7 3. Nf3 d6 4. Bd3 e6 5. O-O Ne7 6. e5 d5 7. c4 O-O 8. Nc3 Nbc6
9. Bg5 h6 10. Bxe7 Nxe7 11. b3 c6 12. c5 Bd7 13. b4 a6 14. a4 b5 15. a5 Kh8 16.
Ne2 Ng8 17. h3 g5 18. Ng3 f5 19. exf6 Nxf6 20. Ne5 Be8 21. Bg6 Kg8 22. Ra3 Rc8
23. Nh5 Bxg6 24. Nxg6 Rf7 25. Ne5 Rfc7 26. Nxg7 Rxg7 27. Re3 Qe8 28. f4 Ne4 29.
fxg5 hxg5 30. Ng4 Rg6 31. Nf2 Nxf2 32. Rxf2 Rc7 33. Re5 Qe7 34. Qg4 Kg7 35. Rfe2
Kf7 36. R2e3 Rc8 37. Rf3+ Kg7 38. Rff5 Kh6 39. Qf3 Rcg8 40. Rf7 Qe8 41. Rf6 Rxf6
42. Qxf6+ Rg6 43. Qf3 Qe7 44. Qe3 Kg7 45. Kh2 g4 46. hxg4 Qh4+ 47. Kg1 Qxg4 48.
Qf2 Rf6 49. Qd2 Kf7 50. Qd3 Rh6 51. Re2 Rh4 52. Rd2 Qe4 53. Qxe4 Rxe4 54. Kf2
Kf6 55. Kf3 Kf5 56. g3 Rg4 57. Rd3 Re4 58. Rd2 e5 59. dxe5 Kxe5 60. g4 Rxb4 61.
g5 Kf5 62. Re2 Rf4+ 63. Kg3 Kxg5 64. Re8 Rc4 65. Ra8 Rxc5 66. Rxa6 b4 67. Ra8
Rc3+ 68. Kf2 Kf4 69. a6 Ra3 70. a7 Ra2+ 71. Ke1 Ke3 72. Re8+ Kd3 73. a8=Q Rxa8
74. Rxa8 c5 75. Kd1 c4 76. Rh8 Kd4 77. Kc2 b3+ 78. Kb2 Kc5 79. Kc3 d4+ 80. Kb2
Kb4 81. Rb8+ Ka4 82. Ra8+ Kb4 83. Rb8+ Ka4 84. Rd8 d3 85. Kc3 Kb5 86. Rd4 Ka4
87. Rxc4+ Ka3 88. Rc6 1-0

[Event "AUTO-MASTER-3224"]
[Site "http://www.queenalice.com/game.php?id=1840670"]
[Date "2024.7.22"]
[Round "1"]
[White "o3bor52"]
[Black "quithero"]
[Result "0-1"]
[WhiteElo "1963"]
[BlackElo "2110"]

1. f4 b6 2. e4 Bb7 3. d3 e5 4. f5 Nc6 5. Nf3 f6 6. Be3 Qe7 7. a3 O-O-O 8. Be2 g6
9. g4 d5 10. Qc1 dxe4 11. dxe4 gxf5 12. gxf5 Nd4 13. Nc3 Nxe2 14. Kxe2 h5 15.
Nh4 Qf7 16. Ng6 Rh7 17. h3 Ne7 18. Nxf8 Rxf8 19. Qf1 Ba6+ 20. Kd2 Bxf1 21. Raxf1
Rg7 22. h4 Rg2+ 23. Kc1 Rd8 24. Rf2 Rxf2 25. Bxf2 Nc6 26. Re1 Nd4 27. Re3 Qc4
28. b3 Qf1+ 29. Nd1 Ne2+ 30. Rxe2 Rxd1+ 0-1

[Event "AUTO-MASTER-3224"]
[Site "http://www.queenalice.com/game.php?id=1840679"]
[Date "2024.7.22"]
[Round "1"]
[White "BeatifulDevil56"]
[Black "o3bor52"]
[Result "0-1"]
[WhiteElo "1916"]
[BlackElo "1968"]

1. e4 h6 2. d4 d5 3. e5 e6 4. Nf3 a6 5. c3 c5 6. Be3 c4 7. b3 b5 8. b4 Ne7 9. a4
Bd7 10. a5 Nf5 11. Qd2 g5 12. g4 Nxe3 13. Qxe3 Bg7 14. Nbd2 Nc6 15. h4 gxh4 16.
Rxh4 Qe7 17. Ke2 O-O-O 18. Bg2 Rdg8 19. Rah1 Qf8 20. Rh5 Be8 21. R5h2 Ne7 22. g5
Nf5 23. Qf4 Kd7 24. g6 fxg6 25. Nf1 g5 26. Qe3 Nxe3 0-1

[Event "AUTO-MASTER-3224"]
[Site "http://www.queenalice.com/game.php?id=1840680"]
[Date "2024.7.22"]
[Round "1"]
[White "o3bor52"]
[Black "BeatifulDevil56"]
[Result "1-0"]
[WhiteElo "1953"]
[BlackElo "1925"]

1. Nf3 d5 2. h3 Nf6 3. b3 e6 4. Bb2 Bd6 5. d3 O-O 6. e3 c5 7. Nbd2 h6 8. Be2 Re8
9. O-O Bd7 10. Ne5 Bxe5 11. Bxe5 Nc6 12. Bb2 e5 13. c3 e4 14. d4 Qc8 15. g4 g5
16. dxc5 Ne5 17. b4 Kf8 18. Nb3 Nexg4 19. c4 dxc4 20. Qd6+ Kg7 21. Bxg4 Bxg4 22.
Qxf6+ Kf8 23. Qg7+ Ke7 24. Bf6+ Ke6 25. Nd4+ 1-0

[Event "AUTO-ADV-4825"]
[Site "http://www.queenalice.com/game.php?id=1847119"]
[Date "2024.11.13"]
[Round "1"]
[White "o3bor52"]
[Black "dimitridruloza2012"]
[Result "1-0"]
[WhiteElo "1886"]
[BlackElo "1810"]

1. g3 g6 2. c4 Bg7 3. d4 b6 4. Bg2 c6 5. e3 Bb7 6. Na3 Nf6 7. Nc2 Na6 8. Ne2 Nh5
9. O-O Qc7 10. e4 c5 11. b3 O-O-O 12. Bb2 f5 13. exf5 gxf5 14. f4 Rhg8 15. Rb1
Qd6 16. d5 Qg6 17. Bc1 Nf6 18. Nc3 Ng4 19. Ne2 Qh5 20. h3 Nf6 21. Qd3 e6 22. h4
Ne4 23. Be3 Qg4 24. Rf3 Bf6 25. Bf2 Bxh4 26. Ne3 Qg6 27. gxh4 Qh5 28. a3 Nxf2
29. Kxf2 Qxh4+ 30. Ng3 Rg6 31. Rh1 Qe7 32. Nef1 Qf6 33. Qc3 Qe7 34. Re3 Rdg8 35.
d6 Qxd6 36. Bxb7+ Kxb7 37. Re5 Qc6 38. Qf3 Qxf3+ 39. Kxf3 h6 40. Nh5 Nc7 41. Re2
b5 42. Rf2 d5 43. Nfg3 d4 44. Rg2 Ne8 45. cxb5 Kb6 46. a4 a6 47. bxa6 Kxa6 48.
Rc1 Kb6 49. a5+ Kb5 50. Ra2 Nc7 51. Ra4 Na6 52. Rd1 Rg4 53. Rd3 Rh4 54. Kf2 Rgg4
55. Rf3 Rh3 56. Nf6 Rgh4 57. Ra1 Rh2+ 58. Ke1 Rb2 59. Nd7 Rhh2 60. Ne5 Nb4 61.
Rd1 Rhg2 62. Nd3 Rxb3 63. Kf1 Ra2 64. Ne5 Rbb2 65. Re1 Rxa5 66. Nd3 Rb3 67. Ne5
Rb2 68. Re2 Rxe2 69. Nxe2 Ra1+ 70. Kg2 Ra2 71. Rf2 d3 72. Nc3+ 1-0

[Event "AUTO-ADV-4825"]
[Site "http://www.queenalice.com/game.php?id=1847120"]
[Date "2024.11.13"]
[Round "1"]
[White "dimitridruloza2012"]
[Black "o3bor52"]
[Result "0-1"]
[WhiteElo "1800"]
[BlackElo "1891"]

1. g3 f5 2. Bg2 d5 3. b3 e5 4. Bb2 Nc6 5. Nf3 Bd6 6. Nh4 Be6 7. Nc3 Nge7 8. Nb5
a6 9. Nc3 Qd7 10. e3 O-O-O 11. Na4 g5 12. Nf3 Rhg8 13. Qe2 e4 14. Nd4 Bf7 15.
Bh3 g4 16. Bg2 Ne5 17. O-O Nf3+ 18. Bxf3 gxf3 19. Qe1 Ng6 20. d3 Nh4 21. Qa5 Qe8
22. dxe4 fxe4 23. c4 Qd7 24. c5 Qh3 25. Nb6+ cxb6 26. Qxb6 Qg2# 0-1

[Event "AUTO-ADV-4825"]
[Site "http://www.queenalice.com/game.php?id=1847121"]
[Date "2024.11.13"]
[Round "1"]
[White "o3bor52"]
[Black "Mikalus"]
[Result "0-1"]
[WhiteElo "1899"]
[BlackElo "1930"]

1. e4 c5 2. Nc3 Nc6 3. f4 e6 4. Nf3 d6 5. d3 Nf6 6. h3 b6 7. g4 Be7 8. g5 Nd7 9.
Be3 Bb7 10. Qd2 g6 11. Be2 Qc7 12. h4 O-O-O 13. a3 f6 14. Rf1 h6 15. O-O-O hxg5
16. fxg5 Nde5 17. Bf4 Nxf3 18. Bxf3 Rxh4 19. Rh1 Rdh8 20. Rxh4 Rxh4 21. Rh1
Rxh1+ 22. Bxh1 e5 23. Be3 Nd4 24. gxf6 Bxf6 25. Ne2 Qg7 26. Nxd4 exd4 27. Qh2
Qe7 28. Bf4 Be5 29. Bxe5 dxe5 30. Qd2 Kc7 31. Bf3 Bc8 32. Qg2 Qf6 33. Kb1 g5 34.
b3 Qf4 35. Qh1 Qh4 36. Qxh4 gxh4 37. Kb2 a5 38. c3 Kd6 39. Kc2 Ke7 40. c4 Kf6
41. Kd2 Kg5 42. Ke2 Bg4 43. Kf2 Bxf3 44. Kxf3 h3 45. Kg3 h2 46. Kxh2 Kf4 47. Kh3
Ke3 48. Kg4 Kxd3 49. Kf5 Ke3 50. Kxe5 d3 51. Kd5 d2 52. e5 d1=Q+ 53. Ke6 Qd8 54.
Kf5 Qe7 55. e6 Kd4 56. a4 Kc3 57. Ke5 Kxb3 58. Kd5 Kb4 59. Ke5 Kxc4 60. Kf5 Kd5
0-1

[Event "AUTO-ADV-4825"]
[Site "http://www.queenalice.com/game.php?id=1847122"]
[Date "2024.11.13"]
[Round "1"]
[White "Mikalus"]
[Black "o3bor52"]
[Result "1-0"]
[WhiteElo "1911"]
[BlackElo "1886"]

1. d4 Nf6 2. Nf3 e6 3. e3 d5 4. Bd3 Nbd7 5. b3 Be7 6. Bb2 O-O 7. Nbd2 b6 8. c4
Bb7 9. Ne5 Nxe5 10. dxe5 Nd7 11. f4 Nc5 12. Be2 a5 13. O-O f5 14. exf6 Bxf6 15.
Bxf6 Rxf6 16. Bf3 Ne4 17. Qc2 Nxd2 18. Qxd2 c6 19. Rad1 Qe7 20. cxd5 exd5 21.
Rfe1 Qc7 22. Qd3 Ba6 23. Qc2 Rd8 24. g3 Rfd6 25. Qf5 Bc8 26. Qd3 Bb7 27. Re2 Qc8
28. Red2 Ba6 29. Qc3 Qc7 30. e4 dxe4 31. Bxe4 Bb7 32. Bf3 R8d7 33. Qc4+ Kh8 34.
Qe2 h6 35. Bg4 Re7 36. Qxe7 Qxe7 37. Rxd6 Qe3+ 38. Kf1 Ba6+ 39. Kg2 Qc5 40. Bf3
Qb4 41. Bg4 Qb5 42. Rd8+ Kh7 43. Bf3 Qf5 44. h3 c5 45. Re1 Qc2+ 46. Kh1 Bb5 47.
Be4+ Qxe4+ 48. Rxe4 Bc6 49. Re8 Bxe4+ 50. Rxe4 b5 51. Re5 a4 52. Rxc5 axb3 53.
axb3 1-0

[Event "AUTO-ADV-4825"]
[Site "http://www.queenalice.com/game.php?id=1847123"]
[Date "2024.11.13"]
[Round "1"]
[White "o3bor52"]
[Black "maurice916"]
[Result "1/2-1/2"]
[WhiteElo "1901"]
[BlackElo "1841"]

1. e4 c6 2. d4 d5 3. e5 Bf5 4. Bd3 Bxd3 5. Qxd3 c5 6. c3 e6 7. Nf3 Nc6 8. Be3
cxd4 9. cxd4 Bb4+ 10. Nc3 Nge7 11. Bg5 Qc7 12. Bxe7 Qxe7 13. O-O O-O 14. Ne2 Ba5
15. a3 Rac8 16. Rac1 Bb6 17. b4 a6 18. Rc2 Na7 19. Rfc1 Rfd8 20. h3 Rxc2 21.
Rxc2 h6 22. g4 Qd7 23. Nd2 Nc6 24. Nb3 Qe7 25. Nc5 Bxc5 26. bxc5 Qg5 27. f4 Qe7
28. Ng3 Qh4 29. Rh2 Na5 30. Kg2 Nc4 31. Qc3 b5 32. Rh1 Rc8 33. Rb1 Qd8 34. Ne2
Rb8 35. Nc1 a5 36. Na2 g6 37. Kg3 Kg7 38. h4 Qc7 39. Qd3 Qa7 40. h5 Qe7 41. a4
b4 42. Nc1 g5 43. Ne2 Rb7 44. Rb3 Qd8 45. fxg5 Qxg5 46. Nf4 Rb6 47. cxb6 Nxb6
48. Qa6 Nxa4 49. Qxa5 Nc3 50. Rxc3 bxc3 51. Qxc3 Qe7 52. Qd3 Qd7 1/2-1/2

[Event "AUTO-ADV-4825"]
[Site "http://www.queenalice.com/game.php?id=1847124"]
[Date "2024.11.13"]
[Round "1"]
[White "maurice916"]
[Black "o3bor52"]
[Result "1-0"]
[WhiteElo "1866"]
[BlackElo "1903"]

1. Nf3 f6 2. b3 d6 3. Bb2 e5 4. e4 Nc6 5. Bb5 Ne7 6. d4 Bd7 7. d5 Nb8 8. Bxd7+
Nxd7 9. c4 c5 10. Nc3 g6 11. Nd2 Bg7 12. O-O a6 13. f4 O-O 14. Qg4 f5 15. exf5
Rxf5 16. Ne2 Nf6 17. Qf3 e4 18. Nxe4 Nxe4 19. Bxg7 Nd2 20. Qc3 Nxf1 21. Rxf1 Rf7
22. Bh6 Nf5 23. Bg5 Qc7 24. Ng3 Nd4 25. Re1 b5 26. b4 Ra7 27. Bh6 Nf5 28. Re8+
1-0